Statistics for One Hit Wonders of 2018 (Billboard Hot 100)

Click here to take the quiz!

General Stats

  • This quiz has been taken 13 times
    (2 since last reset)
  • The average score is 7 of 48

Answer Stats

MonthPeakOne Hit Wonder Artist(s)Song% Correct
#88Hugh Jackman (collaboration with Keala Settle, Zac Efron, Zendaya & The Greatest Showman Ensemble)The Greatest Show
100%
#66Stefflon Don (featured by Halsey, collaborative feature with Big Sean)Alone
50%
October#44Pardison Fontaine (with feature by Cardi B)Backin' It Up
50%
#81Sofi Tukker, NERVO, The Knocks & Alisa UenoBest Friend
50%
#29lovelythebandBroken
50%
#89Nego do Borel (collaboration with Maluma)Corazon
50%
#36El ChomboDame Tu Cosita
50%
#62Silk City (collaboration with Dua Lipa)Electricity
50%
August#3Murda Beatz* (featured by 6ix9ine, collaborative feature with Nicki Minaj)FEFE
50%
#90Elley Duhe (collaboration with Zedd)Happy Now
50%
April#84Alice MertonNo Roots
50%
May#36Casper Magico (collaboration with Nio Garcia, Nicky Jam, Darell, Bad Bunny & Ozuna)Te Bote
50%
#67LSD*Thunderclouds
50%
#52Devin DawsonAll On Me
0%
#23Dean LewisBe Alright
0%
March#73Blac YoungstaBooty
0%
#35CalboyEnvy Me
0%
#36Reginae Carter (featured by Lil Wayne)Famous
0%
#62Mason RamseyFamous
0%
#49Ben Platt (collaboration with Lin-Manuel Miranda)Found / Tonight
0%
#42The Harlem Community Choir (collaboration with John & Yoko / The Plastic Ono BandHappy Xmas (War is Over)
0%
February#61Derez De'ShonHardaway
0%
September#69Quando Rondo (featured by YoungBoy Never Broke Again, collaborative feature with Kevin Gates)I Am Who They Say I Am
0%
#79Yung Pinch (featured by Lil Skies)I Know You
0%
#83Joey Bada$$ (featured by XXXTENTACION)infinity (888)
0%
#84Red MarlowI Pray
0%
December#12Mitchell Ayres and his Orchestra (collaboration with Perry Como & The Fontane Sisters)It's Beginning To Look A Lot Like Christmas
0%
#52Dzeko & Preme (collaboration with Tiesto & Post Malone)Jackie Chan
0%
November#72Young Scooter (featured by Future & Juice WRLD)Jet Lag
0%
#21Jay Rock (collaboration with Kendrick Lamar, Future & James Blake)King's Dead
0%
July#53Morgan EvansKiss Somebody
0%
#22Flipp DineroLeave Me Alone
0%
June#73Kris WuLike That
0%
#5BlocBoy JB (with feature by Drake)Look Alive
0%
#77Reik (with feature by Ozuna & Wisin)Me Niego
0%
#89Kodie Shane (featured by Trippie Redd)Negative Energy
0%
#88Loren AllredNever Enough
0%
#86Dennis LloydNevermind
0%
#76TK Kravitz (with feature by Jacquees)Ocean
0%
#65SOB x RBEParamedic!
0%
#79High ValleyShe's With Me
0%
#56Lil Duval & Ball Greezy (collaboration with Snoop Dogg)Smile (Living My Best Life)
0%
January#67Addison AgenTennessee Rain
0%
#98Young Sinatra* (featured by Logic)Warm It Up
0%
#78Zhavia Ward (featured by Diplo, French Montana & Lil Pump)Welcome To The Party
0%
#24Sosamann (featured by Lil Wayne)What About Me
0%
#49Saudi (collaboration with ScHoolboy Q & 2 Chainz)X
0%
#54Bad WolvesZombie
0%

Score Distribution

Percentile by Number Answered

Percent of People with Each Score

Your Score History

You have not taken this quiz since the last reset